000 00482pab a2200193 454500
008 180718b2007 xxu||||| |||| 00| 0 eng d
100 _aWood, David Murakami
245 _aSurvillance in urban Japan: a critical introduction
260 _c2007
300 _ap.551-68.
362 _aMar
650 _aUrban development - Japan
650 _aUrban development
700 _aAbe, Kiyoshi
700 _aLyon, David
773 _aUrban Studies
908 _aN
909 _a75396
999 _c75396
_d75396